000 00329nam a2200121Ia 4500
008 220204s9999 xx 000 0 und d
082 _a65.012.122
_bSAS
100 _aSasieni, Maurice
245 0 _aOperations research: Methods and problems
260 _aNew York
_bJohn Wiley
_c1959
650 _aOperations research
942 _cBK
999 _c25470
_d25470